Taylor Swift - Albums par ordre alphabétique - Statistiques

Statistiques générales
  • Ce quiz a été pris 405 fois
    101 depuis la dernière actualisation
  • Le résultat moyen est 11 sur 12
Statistiques - réponses
Lettres Albums % Correct
Chiffres 1989
98%
E Evermore
98%
F Fearless
98%
F folklore
95%
L Lover
94%
M Midnights
93%
R Reputation
93%
T The Tortured Poets Department
93%
R Red
92%
S Speak Now
91%
T Taylor Swift
90%
L The Life of a Showgirl
86%
Aucun quiz correspondant
Distribution des résultats
% des personnes avec chaque résultat
Percentile par nombre de réponses
Votre historique - résultats
Vous n’avez pas pris ce quiz depuis la dernière actualisation